| 000 | 00686nam a22001577a 4500 | ||
|---|---|---|---|
| 003 | OSt | ||
| 005 | 20150915150045.0 | ||
| 008 | 150915b xxu||||| |||| 00| 0 eng d | ||
| 040 | _cRUA | ||
| 082 | _a AGR LOE 1999 BOO25 Or.1 | ||
| 100 |
_9523 _aLOEUNG, SOPHAL |
||
| 245 | _aContribution of ecotouroism in improving the liveihooh of local community in ream, (វីភាគទាននៃទេសចរធម្មេជាតិ ក្នុងការអភិវឌ្ឍន៍ជីវភាពរស់នៅរបស់ប្រជាជនមូលដ្ឋានតំបន់''រាម') | ||
| 260 |
_aphnom phen _bRUA _c1999 |
||
| 300 |
_a61p. _bill. _c29cm. |
||
| 942 |
_2ddc _cAGR |
||
| 999 |
_c504 _d504 |
||